| 000 | 01004nam a2200253 i 4500 | ||
|---|---|---|---|
| 001 | 172460 | ||
| 003 | ES-MaACL | ||
| 005 | 20250803063101.0 | ||
| 008 | 090708s1879 sp |||| | spa d | ||
| 080 | _a342.7(=414:7/8)(091) | ||
| 080 | _a343.431(7/8)(091) | ||
| 100 | 1 |
_aLabra, Rafael M. de, _d1840-1918 _eaut _969273 |
|
| 245 | 1 | 4 |
_aLos códigos negros : _bestudio de legislación comparada / _cpor Rafael M. Labra |
| 260 |
_aMadrid : _b[s.n.], _c1879 _f(Imp. de Aurelio J. Alaria) |
||
| 300 |
_a100 páginas ; _c21 cm |
||
| 530 | _aDisponible en formato digital | ||
| 650 | 4 |
_aPersonas negras- _xEstatuto jurídico- _zAmérica española _9141027 |
|
| 650 | 4 |
_aEsclavitud- _xDerecho y legislación- _zAmérica española _9141002 |
|
| 852 |
_aES-MaACL _cDEPOF _jT-335-F-2 |
||
| 856 |
_uhttps://bdh-rd.bne.es/viewer.vm?id=0000079483&page=1 _yVersión en línea _z(Biblioteca Digital Hispánica) |
||
| 942 |
_2udc _cFOLLETOS _n0 |
||
| 999 |
_c172460 _d172460 |
||